| 000 | 00398nam a2200157Ia 4500 | ||
|---|---|---|---|
| 008 | 230917s9999||||xx |||||||||||||| ||und|| | ||
| 040 |
_e134607 _aMAIN |
||
| 041 | _aEnglish | ||
| 082 | _a657.48 S51F | ||
| 100 | _aStice, Earl K | ||
| 245 | 0 | _aFinancial Accounting: Reporting and analysis | |
| 250 | _a7th ed. | ||
| 260 |
_aNew Delhi _bCenaage learning _c2006 |
||
| 300 | _a864 p. | ||
| 942 | _cBK | ||
| 999 |
_c152432 _d152432 |
||